Linguistics /
Gardado en:
| Autor Principal: | |
|---|---|
| Formato: | Sách giấy |
| Idioma: | Vietnamese |
| Publicado: |
Oxford :
Oxford University,
2000
|
| Edición: | Fifth impression |
| Các nhãn: |
Engadir etiqueta
Sen Etiquetas, Sexa o primeiro en etiquetar este rexistro!
|
| Thư viện lưu trữ: | Thư viện Trường Đại học Đà Lạt |
|---|
| LEADER | 00598nam a2200265 4500 | ||
|---|---|---|---|
| 001 | DLU040028055 | ||
| 005 | ##20040531 | ||
| 040 | # | # | |a DLU |b vie |
| 041 | # | # | |a vie |
| 044 | # | # | |a vn |
| 082 | # | # | |a 410 |b WI-H |
| 100 | # | # | |a Widdowson, H.G. |
| 245 | # | # | |a Linguistics / |c H.G. Widdowson |
| 250 | # | # | |a Fifth impression |
| 260 | # | # | |a Oxford : |b Oxford University, |c 2000 |
| 300 | # | # | |a xii, 134 tr. ; |c 20 cm |
| 992 | # | # | |a 6000 |
| 994 | # | # | |a DLU |
| 900 | # | # | |a True |
| 911 | # | # | |a Đào Thị Thu Huyền |
| 925 | # | # | |a G |
| 926 | # | # | |a A |
| 927 | # | # | |a SH |
| 980 | # | # | |a Thư viện Trường Đại học Đà Lạt |